| 000 | 01194nam a2200289Ia 4500 | ||
|---|---|---|---|
| 999 |
_c5666 _d5666 |
||
| 003 | OSt | ||
| 005 | 20200623130811.0 | ||
| 008 | 191128s2009 ck fr 000 0dspa d | ||
| 020 | _a9789587380002 | ||
| 040 |
_aCO-JMCR _cCO-JMCR |
||
| 041 | 0 | _aspa | |
| 082 | 0 | 4 |
_a332.67373 / _bA187i _223 |
| 100 | 1 |
_aAbusaid, José Alejandro, _eautor _95969 |
|
| 245 | 1 | 0 |
_aInversión extranjera en Estados Unidos / _cJosé Alejandro Abusaid, Luis Alfredo Pinilla |
| 250 | _aPrimera edición | ||
| 260 |
_aBogotá : _bUniversidad del Rosario, _c2009 |
||
| 300 |
_a392 páginas ; _c24 cm. |
||
| 490 | 0 | _aTextos de jurisprudencia | |
| 500 | _aIncluye biografía de los autores en solapa frontal. | ||
| 505 | 0 | _aLas garantías y limitaciones impuestas a la inversión extranjera por vía de ley federal, estatal y de tratados -- Restricciones impuestas por Ley Exon Florido a la inversión extranjera. | |
| 651 | 4 |
_aEstados Unidos _xpolítica financiera _95970 |
|
| 651 | 4 |
_aEstados Unidos _xfinanzas _95971 |
|
| 651 | 4 |
_aEstados Unidos _xtratados internacionales _95972 |
|
| 651 | 4 |
_aEstados Unidos _xtratados comerciales _95973 |
|
| 700 | 1 |
_aPinilla, Luis Alfredo, _eautor _95974 |
|
| 942 |
_2ddc _cBK |
||